Risks of Consumption and Investment Developments for Economic Growth

Zhodnotenie vývoja spotreby a hrubých súkromných investícií na Slovensku za posledných dvadsať rokov a poukázanie na riziká, spojené s rastom slovenského hospodárstva.

Guardado en:
Detalles Bibliográficos
Autor principal: Matoušková, Eleonóra, 1962-
Formato: Capítulo de libro
Lenguaje:inglés
Materias:
Etiquetas: Agregar Etiqueta
Sin Etiquetas, Sea el primero en etiquetar este registro!

MARC

LEADER 00000naa$a2200000$$$4500
001 0313234
005 20251120094313.3
041 0 |a eng 
044 |a MK 
245 1 0 |a Risks of Consumption and Investment Developments for Economic Growth  |c Eleonóra Matoušková 
520 |a Zhodnotenie vývoja spotreby a hrubých súkromných investícií na Slovensku za posledných dvadsať rokov a poukázanie na riziká, spojené s rastom slovenského hospodárstva. 
610 2 0 |a riziko 
610 2 0 |a investície 
610 2 0 |a spotreba 
610 2 0 |a rast hospodársky 
610 2 0 |a cykly hospodárske 
610 2 0 |a rozvoj hospodársky 
100 1 |a Matoušková, Eleonóra, 1962-